00355nam a22001217a 4500041000800000082001600008100001900024245008800043260002500131300000800156650005000164700001900214 aENG a297.22bGAR aGarland Assumi aA Study on the Concept of Sin and Forgiveness an Analysis from Islamic perspectives aHyderabadbHMIc2023 a103 aSin and Forgiveness from Islamic perspectives aGarland Assumi